[Event "Bay Area International"]
[Site "?"]
[Date "2014.01.04"]
[Round "4"]
[White "Breckenridge, Steven"]
[Black "Hendrickson, Nolan"]
[Result "1/2-1/2"]
[WhiteElo "2342"]
[BlackElo "2145"]
[PlyCount "141"]
[EventDate "2014.??.??"]

1. e4 c5 2. c3 Nf6 3. e5 Nd5 4. Nf3 d6 5. d4 cxd4 6. Qxd4 e6 7. Nbd2 a6 8. Nc4
Nc6 9. Qe4 dxe5 10. Ncxe5 Nxe5 11. Nxe5 Bd6 12. Nf3 O-O 13. Bd3 f5 14. Qe2 Qc7
15. O-O Bd7 16. Re1 Rae8 17. Ne5 Bxe5 18. Qxe5 Qxe5 19. Rxe5 Ne7 20. Re1 Nc6
21. Be3 e5 22. Bc5 Rf6 23. Rad1 Be6 24. Bb1 Rf7 25. Rd2 Rd7 26. Rde2 Bc4 27.
Re3 Be6 28. b3 Rd2 29. Bb6 Re7 30. Kf1 Red7 31. R3e2 Kf7 32. f3 Kf6 33. Be3
Rxe2 34. Kxe2 Ne7 35. Bd2 Bd5 36. c4 Bf7 37. Bc3 Nc6 38. f4 Ke6 39. fxe5 Bh5+
40. Ke3 Rd1 41. Rxd1 Bxd1 42. Kf4 g6 43. h3 h6 44. g4 g5+ 45. Kg3 f4+ 46. Kf2
Nxe5 47. Be4 b6 48. Bd4 a5 49. Bxb6 a4 50. c5 axb3 51. axb3 Bxb3 52. c6 Kd6 53.
c7 Be6 54. Bd4 Nf7 55. Bb6 Bc8 56. Bf5 Bxf5 57. gxf5 Kd7 58. Kf3 h5 59. h4 gxh4
60. Kxf4 Nd6 61. f6 Ke6 62. Bc5 Nc8 63. Be7 Kd7 64. Kf3 Nb6 65. Kg2 Kxc7 66. f7
Nd7 67. Kh3 Kc6 68. Kxh4 Kd5 69. Kxh5 Ke6 70. Kg6 Kxe7 71. Kg7 1/2-1/2

[Event "Bay Area International"]
[Site "?"]
[Date "2014.01.04"]
[Round "4"]
[White "Byambaa, Uyanga"]
[Black "Xiong, Jeffery"]
[Result "0-1"]
[WhiteElo "2023"]
[BlackElo "2331"]
[PlyCount "90"]
[EventDate "2014.??.??"]

1. e4 c5 2. Nf3 d6 3. d4 cxd4 4. Nxd4 Nf6 5. Nc3 a6 6. Be3 e5 7. Nb3 Be6 8. f3
h5 9. Qd2 Nbd7 10. O-O-O Rc8 11. g3 Qc7 12. Kb1 Be7 13. f4 b5 14. a3 Nb6 15.
Na5 Na4 16. Nxa4 Nxe4 17. Qg2 bxa4 18. Qxe4 Qxa5 19. fxe5 d5 20. Bd2 Qc7 21.
Qxa4+ Bd7 22. Qb3 O-O 23. Bd3 Rb8 24. Qxd5 Bc6 25. Qc4 Qb7 26. Bc3 Bxh1 27. e6
Rbc8 28. Qxa6 Be4 29. exf7+ Rxf7 30. Qa5 Bxd3 31. Rxd3 Qh1+ 32. Ka2 Qxh2 33.
Rd2 Qxg3 34. Qxh5 Rxc3 35. bxc3 Qxc3 36. Qd5 Qxa3+ 37. Kb1 Kf8 38. Rd1 Rf4 39.
c3 Rf2 40. Rd2 Rf1+ 41. Kc2 Rc1+ 42. Kd3 Qxc3+ 43. Ke4 Re1+ 44. Kf5 Qf6+ 45.
Kg4 Rg1+ 0-1

[Event "Bay Area International"]
[Site "?"]
[Date "2014.01.04"]
[Round "4"]
[White "Coraretti, Benjamin"]
[Black "Remlinger, Larry"]
[Result "0-1"]
[WhiteElo "2170"]
[BlackElo "2304"]
[PlyCount "29"]
[EventDate "2014.??.??"]

1. d4 e6 2. e4 d5 3. Nc3 Nc6 4. e5 f6 5. Bb5 Bd7 6. Nf3 Qe7 7. O-O Qf7 8. a3
Nge7 9. Re1 h6 10. Qe2 O-O-O 11. b4 fxe5 12. Nxe5 Nxe5 13. Qxe5 Nf5 14. Bxd7+
Qxd7 15. Qxe6 0-1

[Event "Bay Area International"]
[Site "?"]
[Date "2014.01.04"]
[Round "4"]
[White "de Guzman, Ricardo"]
[Black "Yi, Wei"]
[Result "0-1"]
[WhiteElo "2409"]
[BlackElo "2607"]
[PlyCount "90"]
[EventDate "2014.??.??"]

1. d4 Nf6 2. Nf3 g6 3. Bg5 Bg7 4. Nbd2 d6 5. c3 Nbd7 6. e4 h6 7. Bh4 Nh5 8. Bc4
g5 9. Bg3 e6 10. Ng1 Nxg3 11. hxg3 Qe7 12. Ne2 Nf6 13. Bd3 Bd7 14. Qb3 Bc6 15.
f3 h5 16. Qa3 a5 17. Qb3 a4 18. Qc2 e5 19. Nc4 Bd7 20. O-O-O O-O-O 21. Ne3 g4
22. Kb1 Kb8 23. Nf5 Bxf5 24. exf5 Qe8 25. Rde1 Qc6 26. Rhf1 Rhe8 27. dxe5 dxe5
28. Rd1 Bh6 29. Be4 Qc4 30. Bd3 Qc6 31. Be4 Qa6 32. a3 Be3 33. Rxd8+ Rxd8 34.
Rd1 Rxd1+ 35. Qxd1 gxf3 36. gxf3 Nxe4 37. fxe4 Qc4 38. Qc2 Kc8 39. Ka1 Kb8 40.
Qd1 Qxe4 41. Qd8+ Ka7 42. Qxc7 Bb6 43. Qxf7 Qxe2 44. f6 e4 45. Qe7 e3 0-1

[Event "Bay Area International"]
[Site "?"]
[Date "2014.01.04"]
[Round "4"]
[White "Esserman, Marc"]
[Black "Piasetski, Leon"]
[Result "0-1"]
[WhiteElo "2447"]
[BlackElo "2289"]
[PlyCount "58"]
[EventDate "2014.??.??"]

1. e4 c5 2. Nf3 Nc6 3. d4 cxd4 4. c3 Nf6 5. e5 Nd5 6. Bc4 e6 7. cxd4 d6 8. O-O
Be7 9. Qe2 O-O 10. Nc3 Nxc3 11. bxc3 dxe5 12. dxe5 Qa5 13. Bd2 Rd8 14. Rfe1 Bd7
15. Rab1 Qc7 16. Bd3 Be8 17. h4 Rd7 18. Qe4 g6 19. Bf1 Qa5 20. Bg5 Bxg5 21.
Nxg5 Qxe5 22. Qxe5 Nxe5 23. Rxe5 f6 24. Bc4 Rc7 25. Rxe6 Rxc4 26. Rxf6 Bc6 27.
Re1 Rxh4 28. Re7 Rf8 29. Nxh7 Rd8 0-1

[Event "Bay Area International"]
[Site "?"]
[Date "2014.01.04"]
[Round "4"]
[White "Friedel, Josh"]
[Black "Kiewra, Keaton"]
[Result "1-0"]
[WhiteElo "2490"]
[BlackElo "2413"]
[PlyCount "87"]
[EventDate "2014.??.??"]

1. Nf3 Nf6 2. c4 g6 3. g3 d5 4. Bg2 Bg7 5. O-O O-O 6. cxd5 Nxd5 7. d4 Nb6 8.
Nc3 Nc6 9. d5 Na5 10. Qc2 Nxd5 11. Rd1 c6 12. Ne1 Bd7 13. Nxd5 cxd5 14. Rxd5 e6
15. Rd3 Rc8 16. Qd1 Rc7 17. Bf4 e5 18. Rc1 Nc6 19. Bxc6 bxc6 20. Be3 Qc8 21.
Bc5 Re8 22. e4 Bh3 23. Rc2 Qa6 24. Qe2 Rd7 25. Rxd7 Qxe2 26. Rxe2 Bxd7 27. Bxa7
Ra8 28. Bc5 Rxa2 29. Rd2 Ra1 30. Rxd7 Rxe1+ 31. Kg2 h5 32. Kf3 Bf6 33. Rc7 Rc1
34. b4 h4 35. Rxc6 hxg3 36. hxg3 Be7 37. Ke2 Rc2+ 38. Kd3 Bxc5 39. Kxc2 Bxb4
40. Kb3 Be1 41. Rc2 Kf8 42. Kc4 Ke7 43. Kd5 Kf6 44. Rc1 1-0

[Event "Bay Area International"]
[Site "?"]
[Date "2014.01.04"]
[Round "4"]
[White "Gerzhoy, Leonid"]
[Black "Sevian, Samuel"]
[Result "1/2-1/2"]
[WhiteElo "2481"]
[BlackElo "2401"]
[PlyCount "63"]
[EventDate "2014.??.??"]

1. e4 e5 2. Nf3 Nc6 3. d4 exd4 4. Nxd4 Nf6 5. Nxc6 bxc6 6. e5 Qe7 7. Qe2 Nd5 8.
c4 Ba6 9. b3 g6 10. f4 f6 11. exf6 Qxe2+ 12. Bxe2 Bb4+ 13. Bd2 Bxd2+ 14. Kxd2
Nxf4 15. f7+ Ke7 16. Nc3 Nxe2 17. Rae1 Kxf7 18. Rxe2 Rae8 19. Rhe1 Rxe2+ 20.
Rxe2 Re8 21. Rxe8 Kxe8 22. Ke3 d6 23. c5 Ke7 24. Kd4 Ke6 25. b4 Bf1 26. g3 h6
27. a4 a6 28. a5 Bg2 29. Nd1 Bh1 30. Ne3 Bf3 31. Nc2 g5 32. Ne3 1/2-1/2

[Event "Bay Area International"]
[Site "?"]
[Date "2014.01.04"]
[Round "4"]
[White "Ipatov, Alexander"]
[Black "Berczes, David"]
[Result "1-0"]
[WhiteElo "2615"]
[BlackElo "2519"]
[PlyCount "119"]
[EventDate "2014.??.??"]

1. b3 d5 2. Bb2 c6 3. f4 Nf6 4. Nf3 g6 5. g3 Bg7 6. Bg2 O-O 7. O-O Bg4 8. d3
Bxf3 9. Bxf3 Ne8 10. Bxg7 Nxg7 11. e4 dxe4 12. dxe4 e5 13. Nc3 Na6 14. Qe1 Nc5
15. f5 gxf5 16. exf5 Nxf5 17. Qxe5 Qd4+ 18. Qxd4 Nxd4 19. Rf2 Rad8 20. Bh5 f5
21. Re1 Rd6 22. Re7 a5 23. Kg2 Re6 24. Rxe6 Ncxe6 25. Rd2 Kg7 26. Na4 Kh6 27.
Bd1 Rd8 28. c3 Nb5 29. Rxd8 Nxd8 30. Bc2 Kg5 31. h4+ Kf6 32. g4 Nd6 33. Kf3 Ne6
34. Nb6 fxg4+ 35. Kxg4 h6 36. b4 Nb5 37. bxa5 Nxc3 38. Bb3 Nc5 39. Nc8 Nb5 40.
Bc4 Nd4 41. Nd6 Nd7 42. Kf4 b5 43. Bb3 c5 44. Bd5 Ke7 45. Nf5+ Nxf5 46. Kxf5
Kd6 47. Be4 c4 48. a6 b4 49. a7 Nb6 50. h5 b3 51. axb3 cxb3 52. a8=Q Nxa8 53.
Bxa8 Ke7 54. Kg6 Kf8 55. Kh7 Ke7 56. Kxh6 Kf6 57. Be4 Kf7 58. Kh7 b2 59. Bb1
Kf8 60. Ba2 1-0

[Event "Bay Area International"]
[Site "?"]
[Date "2014.01.04"]
[Round "4"]
[White "Ishkhanov, Tigran"]
[Black "Vovsha, Eli"]
[Result "1-0"]
[WhiteElo "2314"]
[BlackElo "2483"]
[PlyCount "87"]
[EventDate "2014.??.??"]

1. d4 Nf6 2. c4 g6 3. Nc3 d5 4. Nf3 Bg7 5. Qb3 dxc4 6. Qxc4 O-O 7. e4 Nfd7 8.
Be2 Nb6 9. Qd3 Bg4 10. Be3 Nc6 11. Rd1 Qd6 12. Ng1 Bxe2 13. Ngxe2 Rad8 14. b3
f5 15. f3 e5 16. d5 fxe4 17. fxe4 Nb4 18. Qd2 c6 19. a3 cxd5 20. axb4 d4 21.
Bg5 Rd7 22. Na4 Nxa4 23. bxa4 h6 24. Bh4 Qc6 25. Bf2 Qxe4 26. O-O Qd5 27. Nc3
Qc6 28. b5 Qc4 29. Ne4 b6 30. Ra1 Kh7 31. Rfc1 Qd5 32. Qd3 Rf4 33. Re1 Rc7 34.
Bg3 Rf8 35. h4 Kh8 36. Rac1 Rfc8 37. Rxc7 Rxc7 38. Nd2 Qd6 39. Nc4 Qb4 40. Nxe5
Bxe5 41. Bxe5+ Kh7 42. Rf1 Qc4 43. Qxc4 Rxc4 44. Rf8 1-0

[Event "Bay Area International"]
[Site "?"]
[Date "2014.01.04"]
[Round "4"]
[White "Jue, Wang"]
[Black "Hernandez, Holden"]
[Result "1/2-1/2"]
[WhiteElo "2396"]
[BlackElo "2548"]
[PlyCount "86"]
[EventDate "2014.??.??"]

1. e4 c6 2. d4 d5 3. Nd2 dxe4 4. Nxe4 Bf5 5. Ng3 Bg6 6. h4 h6 7. Nf3 e6 8. Ne5
Bh7 9. Bd3 Bxd3 10. Qxd3 Nd7 11. f4 Bb4+ 12. c3 Be7 13. Bd2 Ngf6 14. Qe2 Qa5
15. f5 Bd6 16. c4 Qc7 17. Bc3 c5 18. fxe6 fxe6 19. O-O-O O-O-O 20. Nxd7 Rxd7
21. Ne4 Bf4+ 22. Kb1 cxd4 23. Bxd4 Nxe4 24. Qxe4 Rhd8 25. Qxe6 Kb8 26. Qe4 Ka8
27. Rd3 Qxc4 28. Rhd1 Bb8 29. R3d2 g5 30. hxg5 hxg5 31. Qc2 Qb5 32. a4 Qa6 33.
Bc3 Rxd2 34. Rxd2 Qf1+ 35. Ka2 Rc8 36. Qe4 Qf7+ 37. Qd5 Qe8 38. Rd4 g4 39. Re4
Qg6 40. Qe6 Qxe6+ 41. Rxe6 b6 42. Kb3 Kb7 43. Be5 Bxe5 1/2-1/2

[Event "Bay Area International"]
[Site "?"]
[Date "2014.01.04"]
[Round "4"]
[White "Lobo, Richard"]
[Black "Taghizadeh, Rayan"]
[Result "1/2-1/2"]
[WhiteElo "2242"]
[BlackElo "1967"]
[PlyCount "98"]
[EventDate "2014.??.??"]

1. Nf3 Nf6 2. g3 b6 3. Bg2 Bb7 4. d3 e6 5. e4 d6 6. O-O Be7 7. Nbd2 O-O 8. Qe2
c5 9. c3 Nc6 10. Re1 Rc8 11. Nf1 Ba6 12. h3 Ne5 13. Rd1 Qc7 14. N1h2 Rfd8 15.
Nxe5 dxe5 16. Nf3 Rd7 17. b3 Bd6 18. Bb2 Re7 19. Rac1 Rd8 20. Qe3 Red7 21. d4
c4 22. Nd2 b5 23. Bf1 Qa5 24. Ra1 Qb6 25. bxc4 bxc4 26. Rab1 Qc7 27. Ba1 h6 28.
Rdc1 Qc6 29. Re1 Qa4 30. Nf3 Qa5 31. Rbc1 Rc7 32. Red1 Rcd7 33. Re1 Bc7 34. Qe2
Bb7 35. Qc2 Ba6 36. Rb1 Kh8 37. Nd2 Bb6 38. Nf3 Bc7 39. Rbc1 Kg8 40. Rcd1 Bb5
41. Rb1 a6 42. Nd2 exd4 43. cxd4 Bb6 44. Bxc4 Ba4 45. Bb3 Bxd4 46. Bxd4 Rxd4
47. Nf3 Bxb3 48. Rxb3 Ra4 49. Re2 Ra3 1/2-1/2

[Event "Bay Area International"]
[Site "?"]
[Date "2014.01.04"]
[Round "4"]
[White "Margvelashvili, Giorgi"]
[Black "Gorovets, Andrey"]
[Result "1-0"]
[WhiteElo "2555"]
[BlackElo "2494"]
[PlyCount "65"]
[EventDate "2014.??.??"]

1. d4 f5 2. Nc3 Nf6 3. Bg5 d5 4. Bxf6 exf6 5. e3 Be6 6. Bd3 Nc6 7. Nge2 Qd7 8.
a3 Ne7 9. b3 g6 10. Na4 b6 11. c4 Bh6 12. Nac3 O-O 13. O-O Rfd8 14. c5 c6 15.
b4 b5 16. a4 a6 17. Qc2 Rab8 18. axb5 axb5 19. Ra6 Bf7 20. Rfa1 Nc8 21. g3 Bf8
22. R1a5 Be8 23. Qa2 Ne7 24. Ra7 Qc8 25. R5a6 Rd7 26. Rxd7 Qxd7 27. Ra7 Rb7 28.
Ra8 Bf7 29. Qa6 g5 30. Nxb5 cxb5 31. Qxf6 h6 32. Qxh6 Ng6 33. c6 1-0

[Event "Bay Area International"]
[Site "?"]
[Date "2014.01.04"]
[Round "4"]
[White "Melekhina, Alisa"]
[Black "Prieto, Ernesto"]
[Result "1-0"]
[WhiteElo "2188"]
[BlackElo "2095"]
[PlyCount "115"]
[EventDate "2014.??.??"]

1. e4 e5 2. Nf3 Nc6 3. d4 exd4 4. Nxd4 Nf6 5. Nxc6 bxc6 6. e5 Ne4 7. Qf3 Ng5 8.
Qg3 Ne6 9. Bd3 d5 10. O-O Be7 11. f4 Bh4 12. Qg4 h5 13. Qd1 g6 14. f5 gxf5 15.
Bxf5 Ba6 16. Bd3 Bxd3 17. cxd3 Qe7 18. Nd2 O-O-O 19. Qa4 Qc5+ 20. Kh1 Be7 21.
Nb3 Qb6 22. Bd2 Rhg8 23. Na5 Nd4 24. Rac1 c5 25. Rf2 Rg4 26. b4 Qg6 27. bxc5
Rg8 28. Qb4 Qa6 29. Rb1 Nc6 30. Qb3 Bxc5 31. Qxd5 Bxf2 32. Nxc6 Bb6 33. Ne7+
Kb8 34. Nxg8 Rxg8 35. Qxf7 Rd8 36. Rb3 Rxd3 37. Rxd3 Qxd3 38. Qf8+ Kb7 39. Qf3+
Qxf3 40. gxf3 Kc6 41. f4 Kd5 42. Kg2 Ke6 43. Kf3 Kf5 44. Be3 c5 45. a4 a6 46.
Bf2 a5 47. Be3 Ba7 48. Bg1 Bb6 49. Bf2 Ba7 50. Kg3 Bb6 51. Be3 Ba7 52. Kh4 Bb6
53. Kxh5 Ke6 54. Kg6 Kd5 55. Kf7 Bd8 56. e6 c4 57. e7 Bxe7 58. Kxe7 1-0

[Event "Bay Area International"]
[Site "?"]
[Date "2014.01.04"]
[Round "4"]
[White "Mikhalevski, Victor"]
[Black "Macieja, Bartlomiej"]
[Result "1/2-1/2"]
[WhiteElo "2536"]
[BlackElo "2583"]
[PlyCount "66"]
[EventDate "2014.??.??"]

1. Nf3 c5 2. c4 Nc6 3. Nc3 Nf6 4. g3 g6 5. Bg2 Bg7 6. d4 cxd4 7. Nxd4 O-O 8.
O-O Nxd4 9. Qxd4 d6 10. Qd3 a6 11. Bg5 Rb8 12. Rac1 Be6 13. b3 Qa5 14. Qd2 Rfc8
15. e4 b5 16. Nd5 Qxd2 17. Bxd2 Nxd5 18. exd5 Bf5 19. cxb5 axb5 20. Bg5 Rxc1
21. Rxc1 Ra8 22. Bxe7 Bf8 23. Bxf8 Kxf8 24. Bf1 Rxa2 25. Bxb5 Rb2 26. Bc4 Bc2
27. Ra1 Bxb3 28. Ra8+ Ke7 29. Ra7+ Kf6 30. Bxb3 Rxb3 31. Rd7 Rd3 32. Rxd6+ Ke7
33. Ra6 Rxd5 1/2-1/2

[Event "Bay Area International"]
[Site "?"]
[Date "2014.01.04"]
[Round "4"]
[White "Molner, Mackenzie"]
[Black "Bryant, John"]
[Result "1-0"]
[WhiteElo "2525"]
[BlackElo "2410"]
[PlyCount "93"]
[EventDate "2014.??.??"]

1. d4 Nf6 2. c4 c5 3. d5 e6 4. Nc3 exd5 5. cxd5 d6 6. Nf3 g6 7. Nd2 Nbd7 8. e4
Bg7 9. Be2 O-O 10. O-O Re8 11. a4 Ne5 12. Re1 g5 13. Nf1 h6 14. Ng3 a6 15. h3
Bd7 16. f4 gxf4 17. Bxf4 Kh7 18. Rf1 Re7 19. Qc2 Qc7 20. Rf2 Rg8 21. Raf1 Bc8
22. Nd1 Ng6 23. Ne3 Ne8 24. Nef5 Nxf4 25. Rxf4 Bxf5 26. Nxf5 Re5 27. Ne3 Rf8
28. Ng4 Qe7 29. Nxe5 Bxe5 30. Rg4 Nf6 31. Rh4 Kg7 32. Qd3 Rh8 33. b3 Kf8 34.
Kh1 Ke8 35. Qd2 h5 36. Qg5 Kd8 37. Bxh5 Kc7 38. Be2 Rg8 39. Qf5 Rg7 40. Rh8 Kb6
41. Ra8 Ka5 42. b4+ Kxa4 43. bxc5 dxc5 44. Rb1 Rg8 45. Qf3 c4 46. Bxc4 Rxa8 47.
Qb3+ 1-0

[Event "Bay Area International"]
[Site "?"]
[Date "2014.01.04"]
[Round "4"]
[White "Roiz, Michael"]
[Black "Cornejo, Max"]
[Result "1-0"]
[WhiteElo "2614"]
[BlackElo "2365"]
[PlyCount "85"]
[EventDate "2014.??.??"]

1. Nf3 Nf6 2. c4 e6 3. g3 a6 4. Bg2 b5 5. b3 c5 6. O-O Bb7 7. Nc3 Qb6 8. e3 Be7
9. Qe2 Bc6 10. d4 O-O 11. Bb2 b4 12. dxc5 Qxc5 13. Nb1 a5 14. Nbd2 Na6 15. e4
d6 16. Nd4 e5 17. Nf5 Rfe8 18. Nxe7+ Rxe7 19. Rfe1 Bd7 20. h3 Be6 21. a3 Rea7
22. a4 Rd8 23. Kh2 Nd7 24. f4 f6 25. f5 Bf7 26. g4 g5 27. h4 h6 28. Nf3 Qc7 29.
Kg3 Nf8 30. Rh1 Nc5 31. hxg5 hxg5 32. Rh6 d5 33. cxd5 Bxd5 34. exd5 e4+ 35. Ne5
Kg7 36. Bxe4 Kxh6 37. Kf3 Kg7 38. Qh2 Nxe4 39. Rh1 Nd2+ 40. Ke2 Qxe5+ 41. Bxe5
Ne4 42. Qh8+ Kf7 43. Rh7+ 1-0

[Event "Bay Area International"]
[Site "?"]
[Date "2014.01.04"]
[Round "4"]
[White "Ruiz, Joshua"]
[Black "Naroditsky, Daniel"]
[Result "0-1"]
[WhiteElo "2374"]
[BlackElo "2535"]
[PlyCount "78"]
[EventDate "2014.??.??"]

1. e4 e5 2. Nf3 Nc6 3. d4 exd4 4. Nxd4 Nf6 5. Nxc6 bxc6 6. e5 Qe7 7. Qe2 Nd5 8.
c4 Ba6 9. b3 g6 10. f4 d6 11. Qd2 Nb6 12. Be2 dxe5 13. O-O Rd8 14. Qc3 Bg7 15.
Ba3 c5 16. Qa5 exf4 17. Bxc5 Qg5 18. Bf3 Bd4+ 19. Bxd4 Qxa5 20. Bxh8 Nxc4 21.
bxc4 f6 22. Rc1 Qc5+ 23. Kh1 Kf7 24. Bxf6 Kxf6 25. Nc3 Kg7 26. Ne4 Qe5 27. Rab1
Rd4 28. Re1 Bxc4 29. Nd2 Qd6 30. Ne4 Qe5 31. Nd2 Qa5 32. Nxc4 Rxc4 33. Re7+ Kh6
34. Re2 Qa3 35. h3 Rc1+ 36. Rxc1 Qxc1+ 37. Kh2 c5 38. Re7 Qa3 39. Rc7 a5 0-1

[Event "Bay Area International"]
[Site "?"]
[Date "2014.01.04"]
[Round "4"]
[White "Schiller, Eric"]
[Black "Klotz-Burwell, Hunter"]
[Result "0-1"]
[WhiteElo "2061"]
[BlackElo "2006"]
[PlyCount "74"]
[EventDate "2014.??.??"]

1. d4 d5 2. Nf3 Nf6 3. e3 e6 4. Bd3 c5 5. b3 Nc6 6. Bb2 Be7 7. O-O O-O 8. Ne5
Ne4 9. f3 Nf6 10. Nd2 cxd4 11. Nxc6 bxc6 12. Bxd4 c5 13. Bb2 Nd7 14. f4 Bf6 15.
Bxf6 Qxf6 16. c4 Bb7 17. Qf3 Rad8 18. Qh3 g6 19. Nf3 Qg7 20. Rae1 f5 21. g4 Nf6
22. g5 Ng4 23. Qg2 d4 24. exd4 cxd4 25. Rxe6 Ne3 26. Qe2 Qd7 27. Rxe3 dxe3 28.
Ne5 Qd4 29. c5 Qxc5 30. Bc4+ Kg7 31. b4 Qd4 32. h4 Qe4 33. Rf3 Rd2 34. Qxe3
Qxe3+ 35. Rxe3 Rfd8 36. Nf3 Bxf3 37. Rxf3 Rc2 0-1

[Event "Bay Area International"]
[Site "?"]
[Date "2014.01.04"]
[Round "4"]
[White "Shen, Victor"]
[Black "Gurevich, Daniel"]
[Result "1-0"]
[WhiteElo "2424"]
[BlackElo "2272"]
[PlyCount "97"]
[EventDate "2014.??.??"]

1. d4 Nf6 2. c4 g6 3. Nc3 Bg7 4. e4 d6 5. f3 O-O 6. Bg5 Nbd7 7. Nh3 c5 8. d5 a6
9. a4 Qa5 10. Ra3 Ne5 11. Nf2 h6 12. Be3 Bd7 13. Bd2 Qc7 14. Be2 b5 15. cxb5
axb5 16. Nxb5 Bxb5 17. Bxb5 e6 18. f4 Ned7 19. dxe6 fxe6 20. O-O d5 21. e5 Nxe5
22. fxe5 Qxe5 23. Qc2 c4 24. Qxg6 Qxb2 25. Bxh6 Ra7 26. Rf3 Raf7 27. Nh3 Qd4+
28. Kh1 Qe4 29. Qxe4 Nxe4 30. Rxf7 Rxf7 31. Rxf7 Kxf7 32. Bxg7 Kxg7 33. Kg1 Nd6
34. Kf2 e5 35. Ke2 d4 36. Nf2 e4 37. Bc6 e3 38. Nd1 c3 39. Nxc3 dxc3 40. Kxe3
Nc4+ 41. Kd3 Ne5+ 42. Kxc3 Nxc6 43. Kc4 Kf6 44. Kb5 Ne7 45. a5 Ke6 46. a6 Kd6
47. a7 Nd5 48. Ka6 Nc7+ 49. Kb7 1-0

[Event "Bay Area International"]
[Site "?"]
[Date "2014.01.04"]
[Round "4"]
[White "Shiqun, Ni"]
[Black "Liou, Yian"]
[Result "1/2-1/2"]
[WhiteElo "2299"]
[BlackElo "2391"]
[PlyCount "71"]
[EventDate "2014.??.??"]

1. e4 e5 2. Nf3 Nc6 3. Bc4 Bc5 4. c3 Nf6 5. d3 a6 6. Bb3 Ba7 7. Nbd2 d6 8. Nf1
h6 9. Ng3 O-O 10. O-O Be6 11. Qe2 Qd7 12. h3 Ne7 13. Bc2 Ng6 14. Rd1 c5 15. d4
cxd4 16. cxd4 Qc7 17. Be3 Rfe8 18. Rac1 Qa5 19. a3 Nf4 20. Qd2 Qxd2 21. Rxd2
Ng6 22. Bb1 Rac8 23. Rdc2 Rxc2 24. Rxc2 Bb8 25. d5 Bd7 26. Nd2 Ne7 27. Nc4 Rc8
28. Nb6 Rxc2 29. Bxc2 Be8 30. a4 Bc7 31. a5 Bb5 32. f3 Nd7 33. Nxd7 Bxd7 34. b4
Bb5 35. Kf2 Kf8 36. Bd1 1/2-1/2

[Event "Bay Area International "]
[Site "?"]
[Date "2014.01.04"]
[Round "4"]
[White "Shivaji, Shivkumar"]
[Black "Rui, Gao"]
[Result "0-1"]
[WhiteElo "2273"]
[BlackElo "2454"]
[PlyCount "86"]
[EventDate "2014.??.??"]

1. d4 Nf6 2. Nf3 g6 3. Nbd2 d5 4. e3 Bg7 5. b4 a5 6. b5 c5 7. bxc6 Nxc6 8. Bb5
O-O 9. O-O Bf5 10. c3 Qc7 11. Ba3 Rfc8 12. Rc1 Qd8 13. Re1 h5 14. Qe2 Rc7 15.
Bd3 Ne4 16. Bxe4 dxe4 17. Ng5 Bg4 18. Qb5 Bd7 19. Qb3 Be8 20. Ngxe4 b5 21. Bc5
Rb7 22. Qd1 Rbb8 23. a3 Rc8 24. Qf3 Nb8 25. c4 Na6 26. cxb5 Bxb5 27. Nc4 Bc6
28. Bb6 Qd7 29. Qf4 Qb7 30. Ned2 Bxg2 31. Qg3 Bd5 32. Bxa5 Qb5 33. Nb6 Rxc1 34.
Rxc1 Qxa5 35. Nxa8 Qxd2 36. Rc8+ Kh7 37. f4 Qd1+ 38. Kf2 Qd2+ 39. Kg1 Bxd4 40.
exd4 Qxd4+ 41. Kf1 Nc5 42. Qf2 Qd1+ 43. Qe1 Bc4+ 0-1

[Event "Bay Area International"]
[Site "?"]
[Date "2014.01.04"]
[Round "4"]
[White "Vibbert, Sean"]
[Black "Beilin, Allan"]
[Result "1-0"]
[WhiteElo "2333"]
[BlackElo "2054"]
[PlyCount "71"]
[EventDate "1.??.??"]

1. e4 e6 2. Nc3 d5 3. d4 Nf6 4. Bg5 dxe4 5. Nxe4 Be7 6. Bxf6 gxf6 7. g3 f5 8.
Nc3 Bf6 9. Nge2 Nc6 10. d5 exd5 11. Nxd5 Bxb2 12. Rb1 Be5 13. Bg2 O-O 14. O-O
Rb8 15. Qc1 Be6 16. Nef4 Ne7 17. c4 c6 18. Nxe7+ Qxe7 19. Re1 Bxf4 20. Qxf4
Rbc8 21. Re5 Rfd8 22. Rbe1 Qf6 23. Bh3 Rd7 24. Bxf5 Bxf5 25. Rxf5 Qd6 26. Ree5
f6 27. Rxf6 Qc7 28. Kg2 Rg7 29. h4 b5 30. h5 h6 31. Rxh6 Rf8 32. Rh8+ Kxh8 33.
Qxf8+ Kh7 34. Qf5+ Kh8 35. h6 Rg8 36. Qf6+ 1-0

[Event "Bay Area International"]
[Site "?"]
[Date "2014.01.04"]
[Round "4"]
[White "Yang, Darwin"]
[Black "Santarius, Erik"]
[Result "1-0"]
[WhiteElo "2463"]
[BlackElo "2343"]
[PlyCount "59"]
[EventDate "2014.??.??"]

1. Nf3 Nf6 2. g3 b5 3. Bg2 Bb7 4. Na3 a6 5. c4 bxc4 6. Nxc4 c5 7. d3 e6 8. Qb3
Ra7 9. O-O Nc6 10. Bf4 d6 11. d4 Nxd4 12. Nxd4 Bxg2 13. Nxe6 fxe6 14. Kxg2 Be7
15. Rad1 Rd7 16. e4 Kf7 17. e5 Nd5 18. Qf3 Qa8 19. Bc1+ Kg8 20. Rfe1 dxe5 21.
Nxe5 Qe8 22. Nxd7 Qxd7 23. Re5 Bf6 24. Rexd5 exd5 25. Rxd5 Qc8 26. Rd6 h6 27.
Qd5+ Kf8 28. Bf4 Qe8 29. Rd7 Be7 30. Rb7 1-0

[Event "Bay Area International"]
[Site "?"]
[Date "2014.01.05"]
[Round "5"]
[White "Banik, Siddharth"]
[Black "Melekhina, Alisa"]
[Result "1-0"]
[WhiteElo "2002"]
[BlackElo "2188"]
[PlyCount "65"]
[EventDate "2014.??.??"]

1. e4 c5 2. Nf3 Nc6 3. d4 cxd4 4. Nxd4 Nf6 5. Nc3 e5 6. Ndb5 d6 7. Bg5 a6 8.
Na3 b5 9. Nd5 Be7 10. Bxf6 Bxf6 11. c4 b4 12. Nc2 a5 13. g3 O-O 14. Bg2 Bg5 15.
O-O Rb8 16. b3 Kh8 17. f4 exf4 18. gxf4 Bh6 19. Nd4 Nxd4 20. Qxd4 Be6 21. Rf3
f6 22. Bh3 f5 23. exf5 Bxf5 24. Bxf5 Rxf5 25. Rh3 Kg8 26. Rxh6 gxh6 27. Kh1 Qh4
28. Qa7 Re8 29. Rg1+ Rg5 30. Nf6+ Kf8 31. Nxh7+ Kg8 32. Nxg5 Re1 33. Qf7+ 1-0

[Event "Bay Area International"]
[Site "?"]
[Date "2014.01.05"]
[Round "5"]
[White "Beilin, Allan"]
[Black "Lobo, Richard"]
[Result "0-1"]
[WhiteElo "2054"]
[BlackElo "2242"]
[PlyCount "70"]
[EventDate "2014.??.??"]

1. c4 Nf6 2. Nc3 e6 3. g3 d5 4. cxd5 exd5 5. d4 Be7 6. Bg2 O-O 7. Nf3 Re8 8.
O-O c6 9. Ne5 Nbd7 10. Nd3 a5 11. a3 Bf8 12. f3 c5 13. e3 b6 14. Nf4 Bb7 15. g4
h6 16. Qb3 Rc8 17. Rd1 Bd6 18. Ncxd5 Nxd5 19. Nxd5 cxd4 20. e4 Qh4 21. f4 Qxg4
22. h3 Bxd5 23. exd5 Qh4 24. Bd2 Bxf4 25. Bxf4 Qxf4 26. Qa4 Nc5 27. Qc4 a4 28.
Rac1 Qe3+ 29. Kh1 d3 30. Qc3 Rcd8 31. d6 Qg3 32. d7 Re2 33. Rg1 Ne4 34. Qxg7+
Kxg7 35. Bxe4 Rh2# 0-1

[Event "Bay Area International"]
[Site "?"]
[Date "2014.01.05"]
[Round "5"]
[White "Berczes, David"]
[Black "Vibbert, Sean"]
[Result "1-0"]
[WhiteElo "2519"]
[BlackElo "2333"]
[PlyCount "53"]
[EventDate "2014.??.??"]

1. Nf3 Nf6 2. c4 c6 3. Nc3 d5 4. e3 e6 5. Qc2 Bd6 6. d4 Nbd7 7. Bd3 Qe7 8. O-O
e5 9. cxd5 Nxd5 10. Nxd5 cxd5 11. e4 f5 12. Bg5 Qf7 13. dxe5 Nxe5 14. Nxe5 Bxe5
15. Bb5+ Bd7 16. Bxd7+ Qxd7 17. Rad1 fxe4 18. Qb3 h6 19. Bh4 d4 20. Rfe1 Kf8
21. Rxe4 Qd6 22. Bg3 Re8 23. Rde1 Qb6 24. Qxb6 axb6 25. Bxe5 d3 26. Rd1 Rc8 27.
Bc3 1-0

[Event "Bay Area International"]
[Site "?"]
[Date "2014.01.05"]
[Round "5"]
[White "Bregadze, Levan"]
[Black "Odondo, Ganbold"]
[Result "1-0"]
[WhiteElo "2417"]
[BlackElo "2335"]
[PlyCount "55"]
[EventDate "2014.??.??"]

1. d4 g6 2. c4 Bg7 3. Nc3 Nf6 4. e4 O-O 5. Nf3 d6 6. h3 c5 7. d5 e6 8. Bd3 exd5
9. exd5 Re8+ 10. Be3 h6 11. O-O Na6 12. a3 Nc7 13. Qd2 Kh7 14. Rfe1 b5 15. cxb5
Bb7 16. Bc4 Ne4 17. Nxe4 Rxe4 18. Rac1 f5 19. b4 cxb4 20. axb4 Qg8 21. Bd3 Re7
22. Bxh6 Rxe1+ 23. Rxe1 Nxd5 24. Bxg7 Qxg7 25. Bc4 Nb6 26. Ng5+ Kh8 27. Nf7+
Kh7 28. Bb3 1-0